"On" Sayings - Statistics

General Stats
  • This quiz has been taken 34 times
  • The average score is 11 of 22
Answer Stats
Hint ON Answer Context % Correct
He put... on a brave face hide fear
97%
She was... on cloud nine extremely happy
94%
You're walking... on thin ice dangerous situation
90%
Don't put all your eggs... on one basket risky strategy
87%
Keep your eyes... on the prize focus
81%
We're... on the same page in agreement
77%
They left... on a whim impulsively
71%
I'm... on the fence undecided
68%
You need to get... on the ball be alert
65%
It's... on the back burner low priority
65%
Her name was... on the ballot election
61%
You're... on a roll streak of success
48%
She's... on the mend recovering
45%
Stay... on your toes be alert
45%
Just keep... on truckin' keep going
32%
My TV is... on the blink not working
29%
Get it done... on the double very quickly
16%
Keep it... on the quiet secretly
13%
He burned the midnight oil... on the job working late
10%
I was caught... on the spot under pressure
6%
We did it... on a lark just for fun
3%
He's always... on the level honestly
3%
No matching quizzes found
Score Distribution
Percent of People with Each Score
Percentile by Number Answered
Your Score History
You have not taken this quiz